駅利用者数ランキングTOP100(埼玉県) - Statistics

General Stats
  • This quiz has been taken 587 times
  • The average score is 71 of 100
Answer Stats
駅名 利用者数 % Correct
1 大宮 657282
100%
4 浦和 176426
99%
6 川口 148002
98%
13 南浦和 107616
97%
26 熊谷 62753
96%
3 川越 185339
95%
15 さいたま新都心 105244
94%
16 所沢 101123
92%
33 与野 50018
92%
38 越谷 47032
92%
2 和光市 331155
91%
12 107842
91%
14 西川口 105842
90%
17 武蔵浦和 97354
90%
24 春日部 63817
90%
22 朝霞 65029
89%
18 北浦和 94326
88%
21 上尾 76064
88%
20 草加 80663
87%
45 戸田 40772
87%
7 南越谷 140246
86%
10 久喜 109611
85%
30 東浦和 53940
85%
52 鴻巣 34812
85%
5 朝霞台 148983
84%
9 北朝霞 131776
84%
23 戸田公園 64774
84%
42 川越市 43185
84%
68 西浦和 27500
84%
8 新越谷 139076
82%
11 東川口 108056
82%
25 東大宮 63060
82%
73 三郷 25758
82%
98 本庄 16988
82%
28 越谷レイクタウン 55802
81%
67 飯能 27530
81%
95 深谷 17724
81%
40 桶川 46120
79%
56 吉川 32388
79%
66 与野本町 28248
79%
19 志木 93798
78%
87 北与野 21494
78%
48 蓮田 37150
77%
55 北本 32426
77%
82 白岡 23058
77%
27 ふじみ野 61092
76%
57 栗橋 32057
74%
64 東武動物公園 28443
74%
34 本川越 48374
73%
46 新座 40376
73%
59 東所沢 29806
73%
61 入間市 29667
73%
81 浦和美園 23330
73%
49 南与野 36988
72%
75 中浦和 24998
72%
65 北上尾 28414
71%
70 新三郷 26798
71%
41 北戸田 43570
70%
43 宮原 42440
70%
53 岩槻 34228
70%
78 西大宮 24198
70%
35 八潮 48264
69%
50 狭山市 36729
69%
69 坂戸 27326
68%
71 籠原 26512
68%
62 土呂 29474
67%
72 東松山 26017
67%
37 北越谷 47047
66%
79 西所沢 23749
64%
29 獨協大学前 54286
61%
44 小手指 42067
61%
32 上福岡 50324
60%
90 指扇 18734
60%
36 新所沢 47572
59%
77 日進 24546
59%
83 鳩ヶ谷 23054
59%
31 せんげん台 50516
58%
60 鶴ヶ島 29734
58%
80 航空公園 23394
57%
58 三郷中央 30228
56%
99 東鷲宮 16880
52%
39 鶴瀬 46316
50%
88 川口元郷 20690
49%
47 みずほ台 37856
47%
74 霞ヶ関 25039
47%
93 柳瀬川 17954
47%
76 新河岸 24558
46%
97 新狭山 17091
44%
54 若葉 33986
43%
63 新田 28531
43%
85 狭山ヶ丘 22147
43%
92 北坂戸 18107
42%
51 谷塚 36638
41%
84 高坂 22530
40%
96 大袋 17479
40%
100 戸塚安行 16852
38%
86 武蔵藤沢 22067
37%
89 東岩槻 19197
36%
91 大和田 18572
29%
94 七里 17728
29%
No matching quizzes found
Score Distribution
Percent of People with Each Score
Percentile by Number Answered
Your Score History
You have not taken this quiz